| 000 | 00392cam a2200157ua 4500 | ||
|---|---|---|---|
| 041 |
_aeng _h |
||
| 082 |
_a510.1 _bTHI/TE |
||
| 100 | _aThrivikraman, R . | ||
| 245 |
_aText book of mathematics / _cR Thrivikraman. _hTextual Documents |
||
| 250 |
_a1 / _b. |
||
| 260 |
_aMadras : _bNational publishing co. , _c1959. |
||
| 300 | _a333 ; . | ||
| 504 | _a | ||
| 942 | _cBK | ||
| 999 |
_c8543 _d8543 |
||